Statistieken voor Gemeenten van Friesland met kaart

Klik hier om de quiz te nemen!

Algemene statistieken

  • Deze quiz is 867 keer genomen
  • De gemiddelde score is 10 van 18

Antwoorden op de kaart

Antwoorden kleurgecodeerd door een groen-rode schaal op de quizkaart volgens % correct hieronder.
 

Antwoordstatistieken

Antwoord% Correct
Leeuwarden
96%
Vlieland
94%
Terschelling
93%
Ameland
92%
Schiermonnikoog
92%
Heerenveen
75%
Harlingen
73%
Zuidwest-Friesland
67%
De Friese Meren
52%
Noordoost-Friesland
52%
Ooststellingwerf
33%
Weststellingwerf
32%
Dantumadeel
31%
Opsterland
29%
Smallingerland
29%
Achtkarspelen
28%
Tietjerksteradeel
27%
Waadhoeke
27%

Scoreverdeling

Percentiel versus Aantal Correcte Antwoorden

Procent van Mensen met Elke Score

Uw Scoregeschiedenis

U heeft deze quiz nog niet genomen